| 000 | 00533nas a22001697a 4500 | ||
|---|---|---|---|
| 999 |
_c11829 _d11829 |
||
| 003 | OSt | ||
| 005 | 20230211124430.0 | ||
| 008 | 230207b ||||| |||| 00| 0 eng d | ||
| 040 | _cNA | ||
| 082 |
_a338.954 _bRural Management |
||
| 245 |
_aKurukshetra _bA Journal of Rural Management _cKurukshetra University |
||
| 260 |
_aNew Delhi _bNIC Publication Division |
||
| 310 | _aMonthly | ||
| 710 | _aShiela Chaudhary | ||
| 856 | _uhttps://www.publicationsdivision.nic.in/journals/index.php?route=page/kurukshetra | ||
| 942 |
_2ddc _cPED _s1 |
||